000
00280nam a22001217a 4500
008
170605b xxu||||| |||| 00| 0 eng d
041
_a
eng
080
_a
94(7/8)
100
_a
18
101
_a
SHH
245
_a
WOMEN EDUCATORS UNITED STATES
_c
SELLER.M.SC
942
_2
udc
_c
BK
999
_c
15930
_d
15930